• 首页
  • 本馆介绍
  • 公告通知
  • 最新文献
  • 馆藏检索
  • 电子资源
  • 读者导购
  • 参考咨询
  • 我的图书馆
  • 登录
  • 详细信息显示
  • 放入我的书架
  • 预约/预借图书
  • 作者相关作品
  • 分类相关作品
  • 丛书相关作品
  • 出版社相关作品

书目信息

  • 表格格式
  • 工作单格式
  • 卡片格式
题名:
公务员录用考试专项题库
    
 
作者: 李永新 主编
分册:   申论通关综合特训
出版信息: 北京   人民日报出版社  2011
页数: 240页
开本: 28cm
丛书名:
单 册:
中图分类: D630.3-44 , H152.3-44 , D630.3-44
科图分类:
主题词: 公务员--中国--考核--试题 , 写作 , 应用文--写作--考核--试题 , 公务员 , 应用文 , 政治--中国
电子资源:
ISBN: 978-7-5115-0443-2
000 01228nam0 2200349 450
001 1356589295
005 20131009154352.59
010    @a978-7-5115-0443-2@dCNY32.00
090    @aD630@blyx
096    @aD630@blyx
100    @a20111214d2011 em y0chiy50 ea
101 0  @achi
102    @aCN@b110000
105    @ay zq 000yy
106    @ar
200 1  @a公务员录用考试专项题库@i申论通关综合特训@b专著@e2012中公版@f李永新主编@Agong wu yuan lu yong kao shi zhuan xiang ti ku
210    @a北京@c人民日报出版社@d2011
215    @a240页@d28cm
300    @a适用范围:国家公务员考试/各省市公务员考试/事业单位招聘考试/公安招警考试/村(社区)干部选拔考试/军转干部安置考试
330    @a本书分为基础篇和提高篇两篇,内容涉及归纳概括类试题、综合分析类试题、贯彻执行类试题、提出对策类试题、文章写作类试题等。
606 0  @a公务员@y中国@x考核@j试题
606 0  @a写作
606 0  @a应用文@x写作@x考核@j试题
606 0  @a公务员
606 0  @a应用文
606 0  @a政治@x中国
690    @aD630.3-44@v4
690    @aH152.3-44@v4
690    @aD630.3-44@v4
701  0 @a李永新@c(公务员考试)@4主编@Ali yong xin
801  0 @aCN@b大连网信软件有限公司图书馆·11@c20131009
905    @aZUCC@dD630.3-44@e183
    
    公务员录用考试专项题库.申论通关综合特训:2012中公版/李永新主编.-北京:人民日报出版社,2011
    240页;28cm
    适用范围:国家公务员考试/各省市公务员考试/事业单位招聘考试/公安招警考试/村(社区)干部选拔考试/军转干部安置考试
    
    ISBN 978-7-5115-0443-2:CNY32.00
    本书分为基础篇和提高篇两篇,内容涉及归纳概括类试题、综合分析类试题、贯彻执行类试题、提出对策类试题、文章写作类试题等。
●
相关链接 在E读中查询图书 在五车中查询图书 在当当中查询图书 在豆瓣中查询图书


正题名:公务员录用考试专项题库     索取号:D630.3-44/183         预约/预借

序号 登录号 条形码 馆藏地/架位号 状态 备注
1 0625833   206258333   第一样本阅览室/ [索取号:D630.3-44/183] 在馆    
唐山师范学院图书馆 欢迎您!
大连网信软件有限公司© 版权所有